000 00660cab a22001935a 4500
001 L152168
008 110207s2011 xxk 000 0 eng d
035 _a(Sirsi) u152168
041 0 _aeng
100 1 _aMorris, Rhydian
245 0 0 _aCardiff office market struggles on
260 _c2011
490 _aSustainablebuilding inc Propertyforecast
_v(49) January 2011, 12(1)
520 _aAnalyses the performance of the Cardiff office market in 2010 and points to the likely outcomes in 2011 especially in the grade B market.
590 _aKA
651 4 _aWales
_y2007-
690 _aPROPERTY-COMMERCIAL PROPERTY-COMMERCIAL PROPERTY MARKET
942 _n0
999 _c82897
_d82897